[Event "MVP-ch Seniors op 13th"]
[Site "Binz"]
[Date "2013.12.04"]
[Round "8"]
[White "Kramell, Ralph Friedrich Kur"]
[Black "Schulz, Gerhard1111"]
[Result "0-1"]
[WhiteElo "1560"]
[BlackElo "1703"]
[PlyCount "42"]
[EventDate "2013.11.27"]
[EventType "swiss"]
[EventRounds "9"]
[EventCountry "GER"]
[SourceTitle "EXT 2015"]
[Source "ChessBase"]
[SourceDate "2014.11.20"]
[SourceVersion "1"]
[SourceVersionDate "2014.11.20"]
[SourceQuality "1"]

1. d4 d5 2. Nf3 Nf6 3. c4 e6 4. Nc3 c6 5. cxd5 exd5 6. Qc2 Be7 7. g3 Nbd7 8. Bg2 0-0 9. 0-0 Re8 10. a3 a5 11. Bd2 Nf8 12. Rfe1 Be6 13. e4 dxe4 14. Nxe4 Nxe4 15. Qxe4 Bd5 16. Qc2 Ne6 17. Ne5 Bxg2 18. Qf5 Qd5 19. Qxf7+ Kh8 20. Bc3 Ng5 21. Qh5 Nh3+ 0-1

[Event "MVP-ch Seniors op 13th"]
[Site "Binz"]
[Date "2013.12.03"]
[Round "7"]
[White "Wicklund Hansen, Richard"]
[Black "Kramell, Ralph Friedrich Kur"]
[Result "1-0"]
[WhiteElo "1818"]
[BlackElo "1560"]
[PlyCount "67"]
[EventDate "2013.11.27"]
[EventType "swiss"]
[EventRounds "9"]
[EventCountry "GER"]
[SourceTitle "EXT 2015"]
[Source "ChessBase"]
[SourceDate "2014.11.20"]
[SourceVersion "1"]
[SourceVersionDate "2014.11.20"]
[SourceQuality "1"]

1. e4 d6 2. d4 Nf6 3. Nc3 c6 4. h3 g6 5. Be3 Bg7 6. Qd2 0-0 7. Nf3 b5 8. a3 a6 9. Bh6 Nbd7 10. Bxg7 Kxg7 11. e5 dxe5 12. dxe5 Ne8 13. 0-0-0 Qc7 14. Qe3 Nb6 15. g4 Bb7 16. Bg2 c5 17. Nh4 Nc4 18. Qg3 Bxg2 19. Qxg2 Qb8 20. Rhe1 Nc7 21. f4 Ne6 22. Nd5 Qa7 23. c3 Rfd8 24. f5 Nf8 25. f6+ exf6 26. exf6+ Kh8 27. Re7 Qb8 28. Nf5 Nd6 29. Nxd6 Qxd6 30. Rxf7 Rd7 31. Ne3 Qf4 32. Rfxd7 Qxe3+ 33. Kb1 Re8 34. Rd8 1-0

[Event "MVP-ch Seniors op 13th"]
[Site "Binz"]
[Date "2013.11.30"]
[Round "4"]
[White "Bachmann, Rolf"]
[Black "Kramell, Ralph Friedrich Kur"]
[Result "1/2-1/2"]
[WhiteElo "1891"]
[BlackElo "1560"]
[PlyCount "65"]
[EventDate "2013.11.27"]
[EventType "swiss"]
[EventRounds "9"]
[EventCountry "GER"]
[SourceTitle "EXT 2015"]
[Source "ChessBase"]
[SourceDate "2014.11.20"]
[SourceVersion "1"]
[SourceVersionDate "2014.11.20"]
[SourceQuality "1"]

1. d4 Nf6 2. c4 e6 3. Nf3 Be7 4. Nc3 d5 5. Bg5 Nbd7 6. e3 0-0 7. Rc1 c6 8. Bd3 dxc4 9. Bxc4 Nd5 10. Bxe7 Nxe7 11. 0-0 b6 12. Qe2 a6 13. e4 Ng6 14. Qe3 Bb7 15. e5 Re8 16. Ne4 c5 17. Nd6 cxd4 18. Nxd4 Ndxe5 19. Nxb7 Nxc4 20. Rxc4 Qd5 21. Rc7 Rab8 22. Qf3 Qxd4 23. Qxf7+ Kh8 24. g3 Qf6 25. Nd6 Rf8 26. Qxf6 gxf6 27. f4 Kg8 28. Re1 e5 29. Nf5 Rbe8 30. Nh6+ Kh8 31. Nf7+ Kg8 32. Nh6+ Kh8 33. Nf7+ 1/2-1/2

[Event "MVP-ch Seniors op 13th"]
[Site "Binz"]
[Date "2013.11.27"]
[Round "1"]
[White "Kramell, Ralph Friedrich Kur"]
[Black "Schroeder, Christian"]
[Result "0-1"]
[WhiteElo "1560"]
[BlackElo "1879"]
[PlyCount "120"]
[EventDate "2013.11.27"]
[EventType "swiss"]
[EventRounds "9"]
[EventCountry "GER"]
[SourceTitle "EXT 2015"]
[Source "ChessBase"]
[SourceDate "2014.11.20"]
[SourceVersion "1"]
[SourceVersionDate "2014.11.20"]
[SourceQuality "1"]

1. d4 Nf6 2. c4 e6 3. Nf3 Bb4+ 4. Bd2 Bxd2+ 5. Nbxd2 d5 6. Qc2 0-0 7. e3 c6 8. Bd3 Nbd7 9. 0-0 Qc7 10. Rfe1 h6 11. e4 dxe4 12. Nxe4 Nxe4 13. Rxe4 Nf6 14. Rh4 Rd8 15. Ne5 c5 16. Nf3 b6 17. Qd2 Kf8 18. d5 exd5 19. Rxh6 Ng8 20. Rh7 dxc4 21. Qc3 Nf6 22. Rh8+ Ke7 23. Re1+ Be6 24. Rxd8 Rxd8 25. Bxc4 Qd6 26. g3 Kf8 27. Bxe6 fxe6 28. Qc4 Qd5 29. Qe2 Rd6 30. b3 Ke7 31. h4 Qd3 32. Ng5 Qxe2 33. Rxe2 Nd5 34. Ne4 Rc6 35. a3 b5 36. Rc2 c4 37. bxc4 Rxc4 38. Re2 Nc3 39. Nxc3 Rxc3 40. Rb2 a6 41. a4 Rc5 42. axb5 axb5 43. Kg2 Kd6 44. Ra2 b4 45. g4 b3 46. Rb2 Rb5 47. Kf3 Kd5 48. Ke2 Kc4 49. Kd1 Kc3 50. Kc1 Ra5 51. Rxb3+ Kxb3 52. Kd2 Kc4 53. Ke3 Kd5 54. Kf4 Kd6 55. g5 Rf5+ 56. Kg3 Ke7 57. f4 g6 58. Kg4 Rf7 59. h5 gxh5+ 60. Kxh5 Rxf4 0-1

[Event "Wattens op 09th"]
[Site "Wattens"]
[Date "1994.??.??"]
[Round "2"]
[White "Babinetz, Rainer"]
[Black "Kramell, Ralph Friedrich Kur"]
[Result "1-0"]
[WhiteElo "1815"]
[BlackElo "1605"]
[PlyCount "69"]
[EventDate "1994.??.??"]
[EventType "swiss"]
[EventRounds "9"]
[EventCountry "AUT"]
[SourceTitle "EXT 2000"]
[Source "ChessBase"]
[SourceDate "1999.11.16"]
[SourceVersion "1"]
[SourceVersionDate "1999.11.16"]
[SourceQuality "1"]

1. d4 Nf6 2. c4 e6 3. Nc3 d5 4. Bg5 Be7 5. e3 0-0 6. Nf3 h6 7. Bh4 Nbd7 8. Rc1 b6 9. cxd5 exd5 10. Bd3 Bb7 11. 0-0 Re8 12. Bb1 Ne4 13. Bxe7 Rxe7 14. Qd3 c5 15. Rfd1 c4 16. Qc2 Ndf6 17. Nxe4 Nxe4 18. Ne5 f5 19. f3 Nd6 20. g4 Re6 21. Kh1 Rf6 22. Rd2 g6 23. Rg1 Qe7 24. gxf5 Nxf5 25. Nxg6 Qxe3 26. Ne7+ Kf7 27. Nxf5 Qxf3+ 28. Rgg2 Re8 29. Nd6+ Rxd6 30. Qh7+ Kf6 31. Qg7+ Ke6 32. Rde2+ Qe4 33. Bxe4 dxe4 34. Rg6+ Kd5 35. Qxb7+ 1-0